Organización y difusión de la sala permanente de textiles del Museo Franz Mayer. (Record no. 8167)

MARC details
000 -CABECERA
campo de control de longitud fija 00878nam a2200253 a 4500
001 - NÚMERO DE CONTROL
campo de control BRCA_8501
005 - FECHA Y HORA DE LA ÚLTIMA TRANSACCIÓN
campo de control 20190320210318.0
008 - DATOS DE LONGITUD FIJA--INFORMACIÓN GENERAL
campo de control de longitud fija 030616s1999----mx-#######---#000-0#spa-#
041 ## - CÓDIGO DE LENGUA
Código de lengua del texto/banda sonora o título independiente spa
044 ## - CÓDIGO DEL PAÍS DE LA ENTIDAD EDITORA/PRODUCTORA
Código MARC del país mx
050 #4 - SIGNATURA TOPOGRÁFICA DE LA BIBLIOTECA DEL CONGRESO
Número de clasificación N910.M42
Número de documento/Ítem .R95 1999
100 1# - ENTRADA PRINCIPAL--NOMBRE DE PERSONA
Nombre de persona Ruíz Calderón, Ana Paola
9 (RLIN) 21306
245 10 - MENCIÓN DE TÍTULO
Título Organización y difusión de la sala permanente de textiles del Museo Franz Mayer.
260 ## - PUBLICACIÓN, DISTRIBUCIÓN, ETC.
Lugar de publicación, distribución, etc. Ciudad de México
Fecha de publicación, distribución, etc. 1999
300 ## - DESCRIPCIÓN FÍSICA
Extensión 140 p.
Otras características físicas il.
500 ## - NOTA GENERAL
Nota general La biblioteca cuenta con 2 ejemplares
502 ## - NOTA DE TESIS
Nota de tesis Tesina Licenciatura (Licenciado en Diseño Textil) Universidad Iberoamericana
610 24 - PUNTO DE ACCESO ADICIONAL DE MATERIA--NOMBRE DE ENTIDAD CORPORATIVA
Nombre de entidad corporativa o nombre de jurisdicción como elemento de entrada Museo Franz Mayer (Ciudad de México)
Subdivisión general Colecciones de textiles
9 (RLIN) 21307
650 14 - PUNTO DE ACCESO ADICIONAL DE MATERIA--TÉRMINO DE MATERIA
Término de materia o nombre geográfico como elemento de entrada Textiles
Subdivisión general Museografía
9 (RLIN) 21308
700 1# - PUNTO DE ACCESO ADICIONAL--NOMBRE DE PERSONA
Nombre de persona Lavín Soto, Lydia
Término indicativo de función/relación asesor
9 (RLIN) 21309
700 1# - PUNTO DE ACCESO ADICIONAL--NOMBRE DE PERSONA
Nombre de persona Rivero Borrell, Héctor
Término indicativo de función/relación asesor
9 (RLIN) 2938
902 ## - CATALOGADOR
Iniciales TES
942 ## - ELEMENTOS DE PUNTO DE ACCESO ADICIONAL (KOHA)
Fuente del sistema de clasificación o colocación Library of Congress Classification
Tipo de ítem Koha Tesis
Holdings
Estado de retiro Estado de pérdida Estado dañado No para préstamo Localización permanente Ubicación/localización actual Fecha de adquisición Total de préstamos Signatura topográfica completa Código de barras Fecha visto por última vez Precio válido a partir de Tipo de ítem Koha Código de colección
El ejemplar forma parte de la colección y puede ser consultado según las políticas vigentes.       Biblioteca del Museo Franz Mayer (Rogerio Casas-Alatriste) Biblioteca del Museo Franz Mayer (Rogerio Casas-Alatriste) 03/06/2016   N910.M42 .R95 1999 TES00002 22/03/2019 22/03/2019 Tesis  
El ejemplar forma parte de la colección y puede ser consultado según las políticas vigentes.       Biblioteca del Museo Franz Mayer (Rogerio Casas-Alatriste) Biblioteca del Museo Franz Mayer (Rogerio Casas-Alatriste) 03/06/2016   N910.M42 .R95 1999 TES00003 22/03/2019 22/03/2019 Tesis Tesis